Les personnages de l'univers Mario - Statistiques

Statistiques générales
  • Ce quiz a été pris 401 fois
  • Le résultat moyen est 31 sur 61
Statistiques - réponses
Numéro Personnage % Correct
2 Luigi
100%
1 Mario
100%
4 Peach
98%
13 Bowser
96%
23 Toad
95%
5 Daisy
93%
3 Yoshi
92%
11 Wario
90%
12 Waluigi
88%
14 Bowser Jr
84%
7 Donkey Kong
84%
43 Koopa
82%
24 Toadette
80%
6 Harmonie
79%
8 Diddy Kong
75%
39 Goomba
75%
52 Boo
72%
27 Bebe Luigi
67%
26 Bebe Mario
67%
28 Bebe Peach
64%
42 Birdo
64%
53 Roi Boo
63%
29 Bebe Daisy
61%
49 Skelerex
59%
47 maskass
56%
16 Larry
54%
10 Funky Kong
52%
17 Iggy
52%
20 Lemmy
52%
21 Wendy
52%
54 Kamek
51%
36 Lakitu
51%
18 Morton
51%
19 Roy
51%
57 Luma
49%
30 Bebe Harmonie
47%
59 Bo bomb
43%
38 Chomp
42%
44 Paratroopa
41%
15 Bowser Skelet
39%
9 Dixie Kong
37%
56 Cheep-Cheep
36%
45 Frere marto
34%
50 Flora Piranha
33%
51 Wiggler
32%
58 Bill Ball
28%
55 Bloups
26%
41 Whomp
24%
60 Roi bo bomb
22%
31 Mario de métal
21%
33 Peach d'or rose
20%
37 Reine des Abeilles
19%
34 Mario tanuki
17%
48 Spike
16%
32 Mario d'or
15%
35 Peach chat
14%
22 Ludiwig
13%
25 Papi Champi
12%
46 Frere Boomerang
8%
61 Bebe Dk
3%
40 Thwonp
3%
Aucun quiz correspondant
Distribution des résultats
% des personnes avec chaque résultat
Percentile par nombre de réponses
Votre historique - résultats
Vous n’avez pas pris ce quiz